000 00815nam a2200265 i 4500
001 bg
100 1 _aPIASECKA, Agnieszka
245 1 0 _aLogistyka w wydawnictwie /
_cAgnieszka Piasecka.
250 _aWyd. 2.
260 _aWarszawa :
_b"Biblioteka Analiz",
_c2004.
300 _a344, [2] s. :
_brys., wykr. ;
_c21 cm.
504 _aBibliogr. s. 327-342.
650 9 _aEdytorstwo
_xorganizacja
650 9 _aLogistyka gospodarcza
655 _aPodręczniki akademickie
015 _aPB 16492/2005
020 _a838914350X
040 _cBPK
041 0 _apol
080 _a658.1/.5.011::655.41(075.8)
920 _a83-89143-50-X
942 _cKS
008 s pl f |000 0 pol
999 _c52770
_d52770
856 _uhttp://koha.tu.koszalin.pl/cgi-bin/koha/opac-detail.pl?biblionumber=52770
_yKatalog online BPK